La República perdida I /

Documental acerca de la historia argentina que abarca el período comprendido entre 1930 y 1976 utilizando filmes documentales de la época.

Guardado en:
Autor Principal: Gregorovich, Luis
Formato: Deslizar
Publicado: Argentina, 1983.
Materias:
Etiquetas: Agregar Etiqueta
Sin Etiquetas, Sea el primero en etiquetar este registro!
LEADER 01040ngm a22002895g 4500
001 CEM.cems021435
008 130507s1983##################0###0#####d
005 20241206145528.0
245 1 0 |a La República perdida I /  |c Luis Gregorovich. 
260 |a Argentina,  |c 1983. 
300 |a 140'. 
500 |a En soporte VHS, consultar en ventanilla. 
505 0 |a Sucesión de presidencias en la Argentina desde l930 hasta 1984. 
520 |a Documental acerca de la historia argentina que abarca el período comprendido entre 1930 y 1976 utilizando filmes documentales de la época. 
538 |a Soporte: VHS - Norma: Pal N - Color - Grabación Drd 1991 - Hitachi=0000 
100 1 |a Gregorovich, Luis 
082 9 8 |. 06/GRE-1 
653 |a ARGENTINA 
653 |a HISTORIA 
653 |a ARGENTINA-HISTORIA 
653 |a CINE 
653 |a POLITICA 
653 |a PRESIDENTES 
653 |a DEMOCRACIA 
653 |a NIVEL PRIMARIO 
653 |a NIVEL SECUNDARIO 
859 |a CEMS  |b BIB. CEMS - Depto. Recursos Didacticos  |h 982.06  |i GRE-1  |k DRD  |p 78.12  |t Ej.1